00503 2200205 4500001002100000008004100021035002000062245006100082100002500143250000600168260002800174300001200202084001400214082000800228650001300236990001200249990001200261990001200273990001200285INLIS000000000000699 ind  a0010-0424000675 aDetoksifikasi Tubuh Dalam 4 MinggucMichelle Schoffro C. aSchoffro C. Michelle a1 aJakarta :bIndeksc2009 a364 hlm a600 MIC d a600 aNonfiksi a0721876 a0721877 a0721878 a0721879